| 000 -LEADER |
| fixed length control field |
00770pab a2200157 454500 |
| 008 - FIXED-LENGTH DATA ELEMENTS--GENERAL INFORMATION |
| fixed length control field |
180718b2002 xxu||||| |||| 00| 0 eng d |
| 100 ## - MAIN ENTRY--PERSONAL NAME |
| Personal name |
Navlakha, Gautam |
| 245 ## - TITLE STATEMENT |
| Title |
Security policy: enemy of democracy |
| 260 ## - PUBLICATION, DISTRIBUTION, ETC. |
| Date of publication, distribution, etc. |
2002 |
| 300 ## - PHYSICAL DESCRIPTION |
| Extent |
p.3420-428. |
| 362 ## - DATES OF PUBLICATION AND/OR SEQUENTIAL DESIGNATION |
| Dates of publication and/or sequential designation |
17 Aug |
| 520 ## - SUMMARY, ETC. |
| Summary, etc. |
In its response to recent events in Kashmir and elsewhere, the Indian government's security policy reveals a distorted approach. In its bid to end terrorism, a heightened perception of threat has seen an ever-increasing budgeting on security and defence. Ironically, it has also fostered a scenario when the state itself turns persecutor, making victims of its own citizens. - Reproduced. |
| 650 ## - SUBJECT ADDED ENTRY--TOPICAL TERM |
| Topical term or geographic name entry element |
State security |
| 773 ## - HOST ITEM ENTRY |
| Main entry heading |
Economic and Political Weekly |
| 909 ## - |
| -- |
53315 |